Nurturers of nature (Record no. 81283)
[ view plain ]
| 000 -LEADER | |
|---|---|
| fixed length control field | 01316cab a22002415a 4500 |
| 001 - CONTROL NUMBER | |
| control field | L146769 |
| 008 - FIXED-LENGTH DATA ELEMENTS--GENERAL INFORMATION | |
| fixed length control field | 090224e20090221xxk 000 0 eng d |
| 035 ## - SYSTEM CONTROL NUMBER | |
| System control number | (Sirsi) u146769 |
| 041 0# - LANGUAGE CODE | |
| Language code of text/sound track or separate title | eng |
| 100 1# - MAIN ENTRY--PERSONAL NAME | |
| Personal name | Woodman, John |
| 245 00 - TITLE STATEMENT | |
| Title | Nurturers of nature |
| 260 ## - PUBLICATION, DISTRIBUTION, ETC. | |
| Date of publication, distribution, etc. | 2009 |
| 490 ## - SERIES STATEMENT | |
| Series statement | Estates Gazette |
| Volume/sequential designation | (0907) 21 February 2009, 84-85(2) |
| 520 ## - SUMMARY, ETC. | |
| Summary, etc. | Looks at the development of biodiversity in city centre sites in London and discusses the conflicts that can arise between the needs of animals and plant life and the desires of developers. Discusses some examples of green buildings and shows that features which benefit nature can also be good for the occupiers and their businesses, as well as having obvious aesthetic benefits. The author also provides some details of attempts made by Westminster Council to support an agenda of 'greening'. |
| 590 ## - LOCAL NOTE (RLIN) | |
| Local note | KA |
| 650 24 - SUBJECT ADDED ENTRY--TOPICAL TERM | |
| Topical term or geographic name entry element | LOCAL GOVERNMENT PLANNING AND LAND ACT 1980 S136 |
| 650 24 - SUBJECT ADDED ENTRY--TOPICAL TERM | |
| Topical term or geographic name entry element | NATURAL ENVIRONMENT AND RURAL COMMUNITIES ACT 2000 S40 |
| 650 24 - SUBJECT ADDED ENTRY--TOPICAL TERM | |
| Topical term or geographic name entry element | R (ON THE APPLICATION OF BUGLIFE - THE INVERTEBRATE CONSERVATION TRUST) V THURROCK THAMES GATEWAY DEVELOPMENT CORPORATION |
| 651 #4 - SUBJECT ADDED ENTRY--GEOGRAPHIC NAME | |
| Geographic name | England and Wales |
| Chronological subdivision | 1543- |
| 690 ## - LOCAL SUBJECT ADDED ENTRY--TOPICAL TERM (OCLC, RLIN) | |
| Topical term or geographic name as entry element | ENVIRONMENTAL AND LAND CONSULTANCY-SUSTAINABILITY-SUSTAINABLE DEVELOPMENT |
| 700 1# - ADDED ENTRY--PERSONAL NAME | |
| Personal name | King, Vivien |
| 942 ## - ADDED ENTRY ELEMENTS (KOHA) | |
| Suppress in OPAC | 0 |
| Withdrawn status | Lost status | Source of classification or shelving scheme | Damaged status | Not for loan | Home library | Current library | Shelving location | Date acquired | Total Checkouts | Full call number | Barcode | Date last seen | Copy number | Price effective from | Koha item type |
|---|---|---|---|---|---|---|---|---|---|---|---|---|---|---|---|
| Dewey Decimal Classification | London | London | Journal article | 24/02/2009 | L146769 | 146769-1001 | 06/08/2019 | 1 | 06/08/2019 | Journal article |